[Event "Nova Gorica op 04th"]
[Site "Nova Gorica"]
[Date "1999.02.04"]
[Round "8"]
[White "Mikhalchishin, Adrian"]
[Black "Oll, Lembit"]
[Result "1/2-1/2"]
[WhiteElo "2542"]
[BlackElo "2630"]
[PlyCount "20"]
[EventDate "1999.01.28"]
[EventType "swiss"]
[EventRounds "9"]
[EventCountry "SLO"]
[SourceTitle "CBM 068 Extra"]
[Source "ChessBase"]
[SourceDate "1999.03.01"]
[SourceVersion "1"]
[SourceVersionDate "1999.03.01"]
[SourceQuality "1"]

1. Nf3 g6 2. d4 Bg7 3. c4 Nf6 4. g3 0-0 5. Bg2 c6 6. Nc3 d5 7. cxd5 cxd5 8. Ne5 e6 9. 0-0 Nbd7 10. f4 Qc7 1/2-1/2

[Event "Nova Gorica op 04th"]
[Site "Nova Gorica"]
[Date "1999.02.02"]
[Round "6"]
[White "Atalik, Suat"]
[Black "Oll, Lembit"]
[Result "1-0"]
[WhiteElo "2593"]
[BlackElo "2630"]
[PlyCount "119"]
[EventDate "1999.01.28"]
[EventType "swiss"]
[EventRounds "9"]
[EventCountry "SLO"]
[SourceTitle "EXT 2002"]
[Source "ChessBase"]
[SourceDate "2001.11.25"]
[SourceVersion "1"]
[SourceVersionDate "2001.11.25"]
[SourceQuality "1"]

1. d4 Nf6 2. c4 e6 3. Nf3 b6 4. g3 Ba6 5. b3 Bb4+ 6. Bd2 Bxd2+ 7. Qxd2 Bb7 8. Bg2 c5 9. dxc5 bxc5 10. Nc3 0-0 11. 0-0 Qe7 12. Rfd1 Rd8 13. Qd6 Qxd6 14. Rxd6 Ne8 15. Rd3 Kf8 16. Rad1 Ke7 17. Na4 Rc8 18. Ne5 Bxg2 19. Rxd7+ Nxd7 20. Rxd7+ Kf6 21. f4 Rc7 22. Kxg2 Rxd7 23. Nxd7+ Ke7 24. Ndxc5 Rd8 25. Nd3 Nd6 26. Kf3 Nf5 27. Nc3 h5 28. Ne5 Nd4+ 29. Ke3 f6 30. Nd3 Nc2+ 31. Ke4 a5 32. Nb5 f5+ 33. Kf3 Nb4 34. Nxb4 axb4 35. a3 bxa3 36. Nxa3 Kd6 37. b4 Ra8 38. Nb5+ Kd7 39. Nd4 Ra4 40. Nc2 Ra2 41. Ne1 Ra3+ 42. Nd3 Rc3 43. b5 Kd6 44. c5+ Kd5 45. b6 Rb3 46. Kg2 Rb1 47. Kh3 Kc6 48. Kh4 Rg1 49. Ne5+ Kb7 50. Kxh5 Rg2 51. Kg6 Rxh2 52. Kxg7 Rxe2 53. Kf6 Rg2 54. Nf7 Rxg3 55. Nd8+ Kc8 56. Nxe6 Kb7 57. Kxf5 Kc6 58. Kf6 Rg1 59. f5 Rf1 60. Ke7 1-0

[Event "Nova Gorica op 04th"]
[Site "Nova Gorica"]
[Date "1999.01.29"]
[Round "2"]
[White "Podlesnik, Bogdan"]
[Black "Oll, Lembit"]
[Result "0-1"]
[WhiteElo "2409"]
[BlackElo "2630"]
[PlyCount "54"]
[EventDate "1999.01.28"]
[EventType "swiss"]
[EventRounds "9"]
[EventCountry "SLO"]
[SourceTitle "CBM 068 Extra"]
[Source "ChessBase"]
[SourceDate "1999.03.01"]
[SourceVersion "1"]
[SourceVersionDate "1999.03.01"]
[SourceQuality "1"]

1. e4 c6 2. d4 d5 3. Nc3 dxe4 4. Nxe4 Bf5 5. Ng3 Bg6 6. Nf3 Nf6 7. h4 Nh5 8. Nxh5 Bxh5 9. Be2 e6 10. Bg5 Qb6 11. Qc1 Nd7 12. c3 Nf6 13. Bxf6 gxf6 14. Ng1 Bxe2 15. Nxe2 Rg8 16. g3 Qb5 17. Qc2 Qd5 18. Rf1 f5 19. Nf4 Qa5 20. Nd3 0-0-0 21. Ne5 Rxd4 22. Nxf7 Re4+ 23. Kd1 Rg7 24. Ng5 Qb5 25. Rg1 Rd7+ 26. Kc1 Re2 27. Qb3 Qd3 0-1

[Event "EU-Cup 14th final"]
[Site "Belgrade"]
[Date "1999.01.13"]
[Round "3"]
[White "Oll, Lembit"]
[Black "Timman, Jan H"]
[Result "1/2-1/2"]
[WhiteElo "2630"]
[BlackElo "2649"]
[PlyCount "134"]
[EventDate "1999.01.11"]
[EventType "team-k.o."]
[EventRounds "3"]
[EventCountry "YUG"]
[SourceTitle "EXT 2020"]
[Source "ChessBase"]
[SourceDate "2019.10.17"]
[SourceVersion "1"]
[SourceVersionDate "2019.10.17"]
[SourceQuality "1"]
[WhiteTeam "Warszawa Polonia"]
[BlackTeam "Breda Panfox"]
[WhiteTeamCountry "POL"]
[BlackTeamCountry "NED"]

1. d4 Nf6 2. c4 e6 3. Nc3 Bb4 4. e3 c5 5. Nge2 cxd4 6. exd4 0-0 7. a3 Be7 8. Nf4 d5 9. cxd5 Nxd5 10. Nfxd5 exd5 11. Bd3 Nc6 12. 0-0 Be6 13. Be3 Bf6 14. Rc1 Na5 15. b4 Nc6 16. Na4 Qd6 17. Nc5 Bc8 18. Qd2 a5 19. b5 Nxd4 20. Bxd4 Bxd4 21. Bxh7+ Kxh7 22. Qxd4 Rd8 23. Rfd1 Rb8 24. Rc3 Bf5 25. Rg3 Qf6 26. Qxf6 gxf6 27. Rd4 Bg6 28. h3 b6 29. Na4 Rd6 30. Nc3 Rbd8 31. Re3 Kg7 32. Re2 Rc8 33. Rxd5 Re6 34. Rxe6 fxe6 35. Rd7+ Kf8 36. Na4 Be8 37. Ra7 Bxb5 38. Nxb6 Rb8 39. Na8 Bc4 40. h4 Rb5 41. a4 Rb1+ 42. Kh2 Rb4 43. h5 Bb3 44. Kg3 Rxa4 45. h6 Kg8 46. Nb6 Rb4 47. Nd7 Kh7 48. Nxf6+ Kxh6 49. Ng4+ Kg6 50. Rxa5 Bd5 51. f3 Bb7 52. Rc5 Rb2 53. Rc7 Bd5 54. Ne3 Ba2 55. Ra7 Re2 56. Ra3 e5 57. Ra6+ Kf7 58. Nf5 Be6 59. Nd6+ Ke7 60. Ne4 Bf5 61. Nc3 Rd2 62. Ra5 Ke6 63. Ra6+ Ke7 64. Ra1 Rd3 65. Rc1 Kf6 66. Kh2 Kg5 67. Ne2 e4 1/2-1/2

[Event "EU-Cup 14th final"]
[Site "Belgrade"]
[Date "1999.01.11"]
[Round "1"]
[White "Anand, Viswanathan"]
[Black "Oll, Lembit"]
[Result "1-0"]
[WhiteElo "2795"]
[BlackElo "2650"]
[PlyCount "77"]
[EventDate "1999.01.11"]
[EventType "team-k.o."]
[EventRounds "3"]
[EventCountry "YUG"]
[SourceTitle "EXT 2020"]
[Source "ChessBase"]
[SourceDate "2019.10.17"]
[SourceVersion "1"]
[SourceVersionDate "2019.10.17"]
[SourceQuality "1"]
[WhiteTeam "Zemun Agrouniverzal"]
[BlackTeam "Warszawa Polonia"]
[WhiteTeamCountry "SRB"]
[BlackTeamCountry "POL"]

1. e4 e5 2. Nf3 Nc6 3. Bb5 a6 4. Ba4 Nf6 5. 0-0 b5 6. Bb3 Bc5 7. a4 Rb8 8. c3 d6 9. d4 Bb6 10. Na3 0-0 11. axb5 axb5 12. Nxb5 exd4 13. cxd4 Bg4 14. Re1 d5 15. exd5 Nxd5 16. h3 Bh5 17. g4 Bg6 18. Nc3 Ndb4 19. Bg5 Qd7 20. d5 Qd6 21. Kf1 Na5 22. Be7 Qf4 23. Rxa5 Bxa5 24. Re3 Bb6 25. Ne2 Qh6 26. Kg2 Bxe3 27. g5 Qxh3+ 28. Kxh3 Nd3 29. Qa1 Nxf2+ 30. Kg2 Rfe8 31. Qa3 Nd3 32. Nc3 Bc1 33. Nd1 Be4 34. Ba4 Ne5 35. Bxe8 Rxe8 36. Kg3 Bxf3 37. Qc3 Bxd1 38. Qxe5 Ba4 39. b4 1-0

[Event "Olympiad-33"]
[Site "Elista"]
[Date "1998.10.07"]
[Round "9.1"]
[White "Pelletier, Yannick"]
[Black "Oll, Lembit"]
[Result "0-1"]
[WhiteElo "2525"]
[BlackElo "2650"]
[PlyCount "62"]
[EventDate "1998.09.29"]
[EventType "team-swiss"]
[EventRounds "13"]
[EventCountry "RUS"]
[SourceTitle "CBM 068"]
[Source "ChessBase"]
[SourceDate "1999.02.01"]
[SourceVersion "1"]
[SourceVersionDate "1999.02.01"]
[SourceQuality "1"]
[WhiteTeam "Switzerland"]
[BlackTeam "Estonia"]
[WhiteTeamCountry "SUI"]
[BlackTeamCountry "EST"]

1. Nf3 d5 2. d4 Nf6 3. c4 e6 4. Nc3 Nbd7 5. Bg5 c6 6. e3 Qa5 7. cxd5 Nxd5 8. Qd2 Bb4 9. Rc1 h6 10. Bh4 c5 11. Bd3 cxd4 12. exd4 0-0 13. 0-0 b6 14. a3 Bxc3 15. bxc3 Bb7 16. Be4 f5 17. Bxd5 Bxd5 18. Be7 Rf7 19. Bb4 Qa4 20. c4 Bxf3 21. gxf3 a5 22. Bd6 Qc6 23. c5 Qxf3 24. c6 Nf6 25. Qa2 Nd5 26. Be5 Rf6 27. Rfe1 Rg6+ 28. Kf1 Qd3+ 29. Re2 Qh3+ 30. Ke1 Rg1+ 31. Kd2 Rxc1 0-1

[Event "EU-Cup 14th Group5"]
[Site "Senec"]
[Date "1998.09.18"]
[Round "1"]
[White "Oll, Lembit"]
[Black "Gundersen, Helge Folmer"]
[Result "1-0"]
[WhiteElo "2650"]
[BlackElo "2275"]
[PlyCount "80"]
[EventDate "1998.09.18"]
[EventType "team-k.o."]
[EventRounds "3"]
[EventCountry "SVK"]
[SourceTitle "EXT 2020"]
[Source "ChessBase"]
[SourceDate "2019.10.17"]
[SourceVersion "1"]
[SourceVersionDate "2019.10.17"]
[SourceQuality "1"]
[WhiteTeam "Warszawa Polonia"]
[BlackTeam "Randaberg"]
[WhiteTeamCountry "POL"]
[BlackTeamCountry "NOR"]

1. e4 e6 2. d4 d5 3. Nc3 Nf6 4. e5 Nfd7 5. Nce2 c5 6. c3 Nc6 7. f4 cxd4 8. cxd4 Be7 9. Nf3 f6 10. g3 0-0 11. exf6 Nxf6 12. Bh3 Ne4 13. 0-0 Qe8 14. Be3 Qh5 15. Kg2 Bd7 16. Rc1 Rac8 17. a3 h6 18. Nc3 Nxc3 19. Rxc3 Bd6 20. Ne5 Qxd1 21. Rxd1 Nxe5 22. dxe5 Rxc3 23. bxc3 Bxa3 24. Ra1 Bb2 25. Rxa7 Bxc3 26. Rxb7 Bc6 27. Rc7 Ba8 28. Bxe6+ Kh8 29. Bc5 d4+ 30. Kh3 Rb8 31. Rd7 Bc6 32. Rd6 Bb5 33. Bxd4 Bb4 34. Rb6 Bf1+ 35. Kh4 Be7+ 36. Kh5 Be2+ 37. Kg6 Rd8 38. Rb7 Bf8 39. Rd7 Re8 40. Bf7 Bd3+ 1-0

[Event "Rubinstein Memorial 35th"]
[Site "Polanica Zdroj"]
[Date "1998.08.25"]
[Round "8"]
[White "Oll, Lembit"]
[Black "Macieja, Bartlomiej"]
[Result "1/2-1/2"]
[WhiteElo "2650"]
[BlackElo "2490"]
[PlyCount "67"]
[EventDate "1998.08.17"]
[EventType "tourn"]
[EventRounds "11"]
[EventCountry "POL"]
[EventCategory "17"]
[SourceTitle "CBM 067"]
[Source "ChessBase"]
[SourceDate "1998.11.30"]
[SourceVersion "2"]
[SourceVersionDate "1998.11.01"]
[SourceQuality "1"]

1. e4 c5 2. Nf3 d6 3. d4 cxd4 4. Nxd4 Nf6 5. Nc3 g6 6. Be3 Bg7 7. f3 Nc6 8. Qd2 0-0 9. 0-0-0 d5 10. exd5 Nxd5 11. Nxc6 bxc6 12. Bd4 e5 13. Bc5 Be6 14. Ne4 Re8 15. h4 Nf4 16. g3 Qxd2+ 17. Rxd2 Nh5 18. g4 Nf4 19. Ba6 Bd5 20. c4 Bxe4 21. fxe4 Ne6 22. Be3 Rab8 23. Rd6 Nd4 24. Rd7 Bf8 25. Bb7 Red8 26. Rxd8 Rxd8 27. Rd1 Be7 28. h5 c5 29. Bd5 Rd6 30. Kb1 Kg7 31. h6+ Kf8 32. g5 f5 33. exf5 gxf5 34. Rf1 1/2-1/2

[Event "Rubinstein Memorial 35th"]
[Site "Polanica Zdroj"]
[Date "1998.08.23"]
[Round "6"]
[White "Oll, Lembit"]
[Black "Karpov, Anatoly"]
[Result "1/2-1/2"]
[WhiteElo "2650"]
[BlackElo "2725"]
[PlyCount "55"]
[EventDate "1998.08.17"]
[EventType "tourn"]
[EventRounds "11"]
[EventCountry "POL"]
[EventCategory "17"]
[SourceTitle "CBM 067"]
[Source "ChessBase"]
[SourceDate "1998.11.30"]
[SourceVersion "2"]
[SourceVersionDate "1998.11.01"]
[SourceQuality "1"]

1. d4 Nf6 2. c4 e6 3. Nf3 b6 4. g3 Ba6 5. b3 b5 6. cxb5 Bxb5 7. Nc3 Bb4 8. Bd2 Bc6 9. Bg2 Qc8 10. 0-0 Bxc3 11. Bxc3 Qb7 12. Rc1 0-0 13. Re1 Rc8 14. Qc2 h6 15. Qb2 Bd5 16. Nh4 Bxg2 17. Nxg2 d6 18. f3 Nbd7 19. e4 c5 20. Ne3 cxd4 21. Bxd4 Rxc1 22. Rxc1 e5 23. Bc3 d5 24. exd5 Nxd5 25. Nxd5 Qxd5 26. Qe2 Rc8 27. Kg2 f6 28. Bd2 1/2-1/2

[Event "Rubinstein Memorial 35th"]
[Site "Polanica Zdroj"]
[Date "1998.08.20"]
[Round "4"]
[White "Oll, Lembit"]
[Black "Ivanchuk, Vassily"]
[Result "1/2-1/2"]
[WhiteElo "2650"]
[BlackElo "2730"]
[PlyCount "50"]
[EventDate "1998.08.17"]
[EventType "tourn"]
[EventRounds "11"]
[EventCountry "POL"]
[EventCategory "17"]
[SourceTitle "CBM 067"]
[Source "ChessBase"]
[SourceDate "1998.11.30"]
[SourceVersion "2"]
[SourceVersionDate "1998.11.01"]
[SourceQuality "1"]

1. e4 e6 2. d4 d5 3. e5 c5 4. c3 Nc6 5. Nf3 Bd7 6. Be2 Rc8 7. 0-0 a6 8. dxc5 Bxc5 9. Bf4 Nge7 10. Bd3 f5 11. exf6 gxf6 12. Nh4 0-0 13. Qg4+ Kh8 14. Qh5 f5 15. b4 Bb6 16. Nd2 Bc7 17. Be3 e5 18. b5 axb5 19. Bxb5 Qe8 20. Qxe8 Rcxe8 21. Nb3 f4 22. Bc5 b6 23. Ba3 Nb8 24. Be2 Nbc6 25. Bb5 Nb8 1/2-1/2

[Event "Rubinstein Memorial 35th"]
[Site "Polanica Zdroj"]
[Date "1998.08.18"]
[Round "2"]
[White "Oll, Lembit"]
[Black "Leko, Peter"]
[Result "1/2-1/2"]
[WhiteElo "2650"]
[BlackElo "2665"]
[PlyCount "120"]
[EventDate "1998.08.17"]
[EventType "tourn"]
[EventRounds "11"]
[EventCountry "POL"]
[EventCategory "17"]
[SourceTitle "CBM 067"]
[Source "ChessBase"]
[SourceDate "1998.11.30"]
[SourceVersion "2"]
[SourceVersionDate "1998.11.01"]
[SourceQuality "1"]

1. e4 c6 2. d4 d5 3. exd5 cxd5 4. c4 Nf6 5. Nc3 Nc6 6. Bg5 Qa5 7. Bd2 Qd8 8. Nf3 dxc4 9. Bxc4 e6 10. Bg5 Be7 11. 0-0 0-0 12. Re1 a6 13. Bb3 b5 14. d5 Nxd5 15. Bxd5 exd5 16. Qxd5 Qxd5 17. Nxd5 Bxg5 18. Nxg5 Bb7 19. Ne4 Rfd8 20. Rad1 Ne5 21. Nb6 Rxd1 22. Rxd1 Re8 23. Nc5 Bc6 24. Nxa6 Nd3 25. f3 Nxb2 26. Rd6 Bb7 27. Nc7 Re1+ 28. Kf2 Rd1 29. Nxb5 Ba6 30. Nd5 h6 31. Ndc3 Rxd6 32. Nxd6 Nd3+ 33. Ke3 Ne1 34. g3 Kf8 35. Nce4 Nc2+ 36. Kf2 Ke7 37. Nf5+ Kf8 38. Nc5 Bb5 39. a4 Bc6 40. a5 g6 41. Nd6 Ke7 42. Nc4 Bb5 43. Nd2 Kd6 44. Nce4+ Kc6 45. Nc3 Ba6 46. f4 Kc5 47. Nce4+ Kd5 48. Nf6+ Ke6 49. Ng4 Nb4 50. Nf3 Nc6 51. Nfe5 Nxa5 52. Nxh6 g5 53. Nhxf7 gxf4 54. gxf4 Nb3 55. Kf3 Bc8 56. h4 Nd4+ 57. Kf2 Kf5 58. Nd6+ Kxf4 59. Ng6+ Kg4 60. Nxc8 Nf5 1/2-1/2

[Event "Rubinstein Memorial 35th"]
[Site "Polanica Zdroj"]
[Date "1998.08.17"]
[Round "1"]
[White "Oll, Lembit"]
[Black "Gelfand, Boris"]
[Result "1/2-1/2"]
[WhiteElo "2650"]
[BlackElo "2675"]
[PlyCount "227"]
[EventDate "1998.08.17"]
[EventType "tourn"]
[EventRounds "11"]
[EventCountry "POL"]
[EventCategory "17"]
[SourceTitle "CBM 067"]
[Source "ChessBase"]
[SourceDate "1998.11.30"]
[SourceVersion "2"]
[SourceVersionDate "1998.11.01"]
[SourceQuality "1"]

1. e4 c5 2. Nf3 Nc6 3. d4 cxd4 4. Nxd4 e6 5. Nc3 d6 6. f4 Nf6 7. Nf3 Be7 8. Bd3 0-0 9. 0-0 Nb4 10. Kh1 Nxd3 11. cxd3 b6 12. Be3 Bb7 13. Bd4 Nh5 14. Qd2 f5 15. Be3 Qd7 16. Nd4 Bf6 17. Nde2 Rae8 18. Rad1 g6 19. Bd4 e5 20. Be3 Bg7 21. fxe5 dxe5 22. Bh6 fxe4 23. dxe4 Qxd2 24. Bxd2 Nf6 25. Ng3 h5 26. Bg5 Nh7 27. Rxf8+ Bxf8 28. Rd8 Rxd8 29. Bxd8 Kf7 30. Nf1 Nf6 31. Nd2 Bc5 32. Nf3 Ng4 33. h3 Nf2+ 34. Kh2 Ke8 35. Bc7 Nxe4 36. Nxe4 Bxe4 37. Bxe5 Ke7 38. Kg3 Ke6 39. Kf4 Kd5 40. Bc3 a5 41. g4 Bd6+ 42. Ke3 a4 43. Bf6 b5 44. Nd2 Bg2 45. gxh5 gxh5 46. h4 Ke6 47. Bd8 Bd5 48. b3 a3 49. Ne4 Be5 50. Ba5 Kf5 51. Nc3 Bc6 52. Bb4 Kg4 53. Kd3 Kxh4 54. Bxa3 Kg4 55. Be7 h4 56. Bxh4 Kxh4 57. a4 bxa4 58. bxa4 Bg2 59. Kc4 Bf1+ 60. Kb3 Kg5 61. a5 Kf5 62. Na4 Bd4 63. Nb2 Ke6 64. Kc2 Kd5 65. Kb3 Kc6 66. Kc2 Kb5 67. Kb3 Bh3 68. a6 Be6+ 69. Kc2 Kxa6 70. Na4 Kb5 71. Nb2 Bg8 72. Nd1 Kb4 73. Kd3 Bf6 74. Ke4 Kc5 75. Ne3 Bd4 76. Kf4 Bf6 77. Ng2 Kd4 78. Kf3 Bd5+ 79. Kf2 Ke4 80. Kg3 Be5+ 81. Kf2 Bb7 82. Nh4 Bc7 83. Ng2 Kf5 84. Ne3+ Kf4 85. Ng2+ Kg4 86. Ne3+ Kh3 87. Nd1 Bf4 88. Ke2 Kg3 89. Kd3 Kf3 90. Kc2 Ke2 91. Nc3+ Ke1 92. Kb3 Kd2 93. Kc4 Be3 94. Na4 Bc6 95. Nc5 Bg2 96. Nb3+ Kc2 97. Nd4+ Kb2 98. Kd3 Bg5 99. Ke2 Bd5 100. Nf3 Bf6 101. Kf2 Kc3 102. Kg3 Kd3 103. Nh4 Ke2 104. Nf5 Be6 105. Kf4 Bd7 106. Ng3+ Kd3 107. Nf5 Kc4 108. Ne3+ Kd4 109. Ng2 Kd3 110. Kf3 Bc6+ 111. Kf2 Bg5 112. Ne1+ Ke4 113. Ng2 Kf5 114. Kg3 1/2-1/2

[Event "Keres Memorial"]
[Site "Tallinn/Parnu"]
[Date "1998.06.28"]
[Round "8"]
[White "Lautier, Joel"]
[Black "Oll, Lembit"]
[Result "1-0"]
[WhiteElo "2645"]
[BlackElo "2645"]
[PlyCount "85"]
[EventDate "1998.06.19"]
[EventType "tourn"]
[EventRounds "9"]
[EventCountry "EST"]
[EventCategory "15"]
[SourceTitle "CBM 066"]
[Source "ChessBase"]
[SourceDate "1998.09.30"]
[SourceVersion "1"]
[SourceVersionDate "1998.09.30"]
[SourceQuality "1"]

1. d4 d5 2. c4 e6 3. Nc3 Nf6 4. cxd5 exd5 5. Bg5 c6 6. e3 Be7 7. Bd3 Nbd7 8. Nge2 0-0 9. Qc2 Re8 10. 0-0 Nf8 11. f3 Be6 12. Rad1 Rc8 13. Kh1 h6 14. Bh4 a6 15. Nf4 Bd7 16. Bf2 Bd6 17. Qd2 Qc7 18. Bg1 b5 19. Bb1 Rcd8 20. Rc1 Qb8 21. Nce2 b4 22. Nd3 Ne6 23. Bf2 a5 24. Bg3 Rc8 25. Nc5 Nxc5 26. Rxc5 Re7 27. Bxd6 Qxd6 28. Ng3 Rce8 29. Re1 Qf4 30. Ne4 Nxe4 31. fxe4 Qd6 32. Rxa5 dxe4 33. Rc5 Re5 34. Rec1 Rxc5 35. Rxc5 f5 36. g3 g5 37. Qxb4 Be6 38. Bc2 Bd5 39. Bb3 f4 40. Qb6 Bxb3 41. Rxc6 Qf8 42. Qxb3+ Kh8 43. Qb6 1-0

[Event "Keres Memorial"]
[Site "Tallinn/Parnu"]
[Date "1998.06.27"]
[Round "7"]
[White "Oll, Lembit"]
[Black "Andersson, Ulf"]
[Result "1/2-1/2"]
[WhiteElo "2645"]
[BlackElo "2635"]
[PlyCount "37"]
[EventDate "1998.06.19"]
[EventType "tourn"]
[EventRounds "9"]
[EventCountry "EST"]
[EventCategory "15"]
[SourceTitle "CBM 066"]
[Source "ChessBase"]
[SourceDate "1998.09.30"]
[SourceVersion "1"]
[SourceVersionDate "1998.09.30"]
[SourceQuality "1"]

1. e4 e6 2. d4 d5 3. Nd2 c5 4. Ngf3 Nc6 5. exd5 exd5 6. Bb5 Bd6 7. dxc5 Bxc5 8. 0-0 Nge7 9. Nb3 Bd6 10. Re1 h6 11. Bxc6+ bxc6 12. Qd4 0-0 13. Bf4 Nf5 14. Qa4 Be6 15. Bxd6 Qxd6 16. Qa5 Rfb8 17. Rad1 Rb5 18. Qd2 c5 19. Qe2 1/2-1/2

[Event "Keres Memorial"]
[Site "Tallinn/Parnu"]
[Date "1998.06.26"]
[Round "6"]
[White "Morovic Fernandez, Ivan"]
[Black "Oll, Lembit"]
[Result "1/2-1/2"]
[WhiteElo "2600"]
[BlackElo "2645"]
[PlyCount "39"]
[EventDate "1998.06.19"]
[EventType "tourn"]
[EventRounds "9"]
[EventCountry "EST"]
[EventCategory "15"]
[SourceTitle "CBM 066"]
[Source "ChessBase"]
[SourceDate "1998.09.30"]
[SourceVersion "1"]
[SourceVersionDate "1998.09.30"]
[SourceQuality "1"]

1. d4 d5 2. c4 e6 3. Nf3 Nf6 4. Nc3 Nbd7 5. Bg5 c6 6. cxd5 exd5 7. e3 Be7 8. Bd3 Ne4 9. Bf4 Ndf6 10. Qc2 Bf5 11. 0-0 Bg6 12. h3 0-0 13. Ne5 Nxc3 14. bxc3 Bxd3 15. Qxd3 Rc8 16. Rab1 b5 17. a4 a6 18. Ra1 Ne4 19. axb5 axb5 20. Ra6 1/2-1/2

[Event "Keres Memorial"]
[Site "Tallinn/Parnu"]
[Date "1998.06.25"]
[Round "5"]
[White "Oll, Lembit"]
[Black "Ehlvest, Jaan"]
[Result "1-0"]
[WhiteElo "2645"]
[BlackElo "2610"]
[PlyCount "83"]
[EventDate "1998.06.19"]
[EventType "tourn"]
[EventRounds "9"]
[EventCountry "EST"]
[EventCategory "15"]
[SourceTitle "CBM 066"]
[Source "ChessBase"]
[SourceDate "1998.09.30"]
[SourceVersion "1"]
[SourceVersionDate "1998.09.30"]
[SourceQuality "1"]

1. e4 c5 2. Nf3 d6 3. d4 cxd4 4. Nxd4 Nf6 5. Nc3 Nc6 6. Bg5 e6 7. Qd2 a6 8. 0-0-0 Bd7 9. f4 b5 10. Nf3 b4 11. Bxf6 Qxf6 12. Ne2 Qd8 13. Ned4 Qb6 14. f5 Nxd4 15. Nxd4 Rc8 16. fxe6 fxe6 17. Be2 Rc5 18. Bg4 Re5 19. Qd3 h5 20. Bh3 Rh6 21. Kb1 a5 22. Rhe1 a4 23. Nf3 Ra5 24. e5 d5 25. Nd4 Be7 26. Rf1 g5 27. Qd2 Rc5 28. Rf3 Rc4 29. Rd3 Rh8 30. g4 h4 31. Nf5 Rf4 32. Ng7+ Kd8 33. Rxd5 exd5 34. Qxd5 Bd6 35. exd6 Kc8 36. Bg2 Qa7 37. Nf5 Rxg4 38. Ne7+ Kd8 39. Qe5 Re8 40. Nc6+ Bxc6 41. Qf6+ Kc8 42. Bxc6 1-0

[Event "Keres Memorial"]
[Site "Tallinn"]
[Date "1998.01.11"]
[Round "9"]
[White "Oll, Lembit"]
[Black "Andersson, Ulf"]
[Result "1/2-1/2"]
[WhiteElo "2645"]
[BlackElo "2635"]
[PlyCount "47"]
[EventDate "1998.01.10"]
[EventType "tourn (rapid)"]
[EventRounds "9"]
[EventCountry "EST"]
[EventCategory "12"]
[SourceTitle "CBM 062 Extra"]
[Source "ChessBase"]
[SourceDate "1998.03.09"]
[SourceVersion "1"]
[SourceVersionDate "1998.03.09"]
[SourceQuality "1"]

1. d4 Nf6 2. c4 e6 3. Nf3 Bb4+ 4. Nbd2 b6 5. g3 Ba6 6. Qb3 c5 7. Bg2 Bb7 8. dxc5 Bxc5 9. 0-0 0-0 10. Qc2 Be7 11. b3 d6 12. Bb2 Nbd7 13. Rac1 Rc8 14. Rfd1 Qc7 15. Ne1 Bxg2 16. Nxg2 d5 17. Qb1 Qb8 18. Nf4 dxc4 19. Nxc4 Rfd8 20. Nd3 h6 21. Nce5 Nxe5 22. Nxe5 Rxd1+ 23. Rxd1 Qb7 24. Qd3 1/2-1/2

[Event "Dordrecht FPO"]
[Site "Dordrecht"]
[Date "1998.??.??"]
[Round "?"]
[White "Oll, Lembit"]
[Black "Van Wely, Loek"]
[Result "0-1"]
[WhiteElo "2645"]
[BlackElo "2605"]
[PlyCount "96"]
[EventDate "1998.??.??"]
[EventType "k.o. (rapid)"]
[EventRounds "18"]
[EventCountry "NED"]
[SourceTitle "EXT 2002"]
[Source "ChessBase"]
[SourceDate "2001.11.25"]
[SourceVersion "1"]
[SourceVersionDate "2001.11.25"]
[SourceQuality "1"]

1. e4 c5 2. Nf3 d6 3. d4 cxd4 4. Nxd4 Nf6 5. Nc3 a6 6. Be2 e6 7. 0-0 Be7 8. f4 0-0 9. Be3 Nc6 10. a4 Re8 11. Kh1 Qc7 12. Bf3 Bd7 13. Nb3 b6 14. g4 Bc8 15. g5 Nd7 16. Bg2 Bb7 17. Qh5 Nb4 18. Rf2 Bf8 19. Rd1 g6 20. Qh3 Bg7 21. f5 exf5 22. exf5 Bxg2+ 23. Qxg2 Bxc3 24. bxc3 Qxc3 25. Bd4 Qc6 26. fxg6 hxg6 27. Rf3 Nxc2 28. Rh3 Qxg2+ 29. Kxg2 Ne5 30. Bxb6 Nc4 31. Bd4 Nxd4 32. Rxd4 Ne3+ 33. Kf2 Nf5 34. Rc4 Rab8 35. Rd3 Rb6 36. a5 Rb5 37. Rc6 Reb8 38. Nd2 Rxa5 39. Ne4 Kg7 40. Rc7 Ra2+ 41. Kf3 Rxh2 42. Nxd6 Rh3+ 43. Ke4 Nxd6+ 44. Rxd6 Rb4+ 45. Kd5 Rd3+ 46. Kc5 Rb5+ 47. Kc6 Rxd6+ 48. Kxd6 Rb1 0-1

[Event "Dordrecht FPO"]
[Site "Dordrecht"]
[Date "1998.??.??"]
[Round "?"]
[White "Van Wely, Loek"]
[Black "Oll, Lembit"]
[Result "0-1"]
[WhiteElo "2605"]
[BlackElo "2645"]
[PlyCount "102"]
[EventDate "1998.??.??"]
[EventType "k.o. (rapid)"]
[EventRounds "18"]
[EventCountry "NED"]
[SourceTitle "EXT 2002"]
[Source "ChessBase"]
[SourceDate "2001.11.25"]
[SourceVersion "1"]
[SourceVersionDate "2001.11.25"]
[SourceQuality "1"]

1. d4 Nf6 2. c4 c5 3. d5 e6 4. Nc3 exd5 5. cxd5 d6 6. e4 g6 7. h3 a6 8. a4 Qe7 9. Bd3 Nbd7 10. Nf3 Bg7 11. 0-0 0-0 12. Re1 Re8 13. a5 Rb8 14. Bf1 b5 15. axb6 Rxb6 16. Nd2 Rb4 17. Bxa6 Bxa6 18. Rxa6 Ne5 19. Nf3 Nh5 20. Nxe5 Bxe5 21. Qf3 Rb3 22. Qd1 Reb8 23. Ra8 Rxa8 24. Qxb3 Nf4 25. Bxf4 Bxf4 26. Nd1 Ra1 27. Kf1 Qe5 28. Nc3 Ra8 29. Qc2 Rb8 30. g3 Bh6 31. Kg2 Bg7 32. Re2 Rb4 33. Nd1 h5 34. h4 Qd4 35. f3 Be5 36. b3 c4 37. bxc4 Rxc4 38. Qd2 Qc5 39. Nf2 Bd4 40. Nd3 Qb6 41. Nf4 Ra4 42. Re1 Ra3 43. Rc1 Be3 44. Rc8+ Kg7 45. Qe2 Ra1 46. Nh3 Qb1 47. g4 Ra2 48. Qxa2 Qxa2+ 49. Kg3 Qe2 50. gxh5 gxh5 51. Rc6 Bd4 0-1

[Event "EU-Cup 13th final"]
[Site "Kazan"]
[Date "1997.12.30"]
[Round "3"]
[White "Svidler, Peter"]
[Black "Oll, Lembit"]
[Result "1/2-1/2"]
[WhiteElo "2660"]
[BlackElo "2645"]
[PlyCount "31"]
[EventDate "1997.12.28"]
[EventType "team-k.o."]
[EventRounds "4"]
[EventCountry "RUS"]
[SourceTitle "EXT 2020"]
[Source "ChessBase"]
[SourceDate "2019.10.17"]
[SourceVersion "1"]
[SourceVersionDate "2019.10.17"]
[SourceQuality "1"]
[WhiteTeam "Azov Ladya"]
[BlackTeam "Warszawa Polonia"]
[WhiteTeamCountry "RUS"]
[BlackTeamCountry "POL"]

1. e4 c5 2. Nf3 d6 3. d4 cxd4 4. Nxd4 Nf6 5. Nc3 a6 6. Be2 e6 7. Be3 Qc7 8. a4 b6 9. f4 Bb7 10. Bf3 Nbd7 11. Qe2 e5 12. fxe5 Nxe5 13. 0-0 g6 14. Qe1 Bg7 15. Qh4 0-0 16. Bh6 1/2-1/2